| 000 | 00691cam a22002293a 4500 | ||
|---|---|---|---|
| 001 | 17956 | ||
| 003 | PGUSA | ||
| 005 | 20140828083401.0 | ||
| 008 | 060310s2006||||xxu|||||s|||||000 | eng d | ||
| 040 |
_aPGUSA _beng |
||
| 042 | _adc | ||
| 050 | 4 | _aBJ | |
| 100 | 1 |
_aGrey of Fallodon, Edward Grey, Viscount, _d1862-1933 |
|
| 245 | 1 | 0 |
_aRecreation by Viscount Grey of Fallodon, K.G. _h[electronic resource] / _cEdward Grey, Viscount Grey of Fallodon |
| 260 |
_bProject Gutenberg, _c2006 |
||
| 506 | _aPublic domain in the USA. | ||
| 516 | _aElectronic text | ||
| 653 | _aAmusements | ||
| 830 | 0 |
_aProject Gutenberg _v17956 |
|
| 856 | 4 | 0 | _uhttp://www.gutenberg.org/ebooks/17956 |
| 942 | _cEB | ||
| 999 |
_c247211 _d247211 |
||